| 000 | 00497nam a2200181Ia 4500 | ||
|---|---|---|---|
| 008 | 240925s9999 xx 000 0 und d | ||
| 020 | _a74631152 | ||
| 082 | _a005.43 THO | ||
| 100 | _aThomas, Rebecca | ||
| 245 | 2 | _aA User Guide to the Unix System | |
| 250 | _a2nd | ||
| 260 |
_aNew Delhi: _bTata McGraw Hill _c,2001. |
||
| 300 |
_axxii,494p. _bNA _fOriginal |
||
| 500 | _aIncludes Index | ||
| 600 | _aComputer Science | ||
| 650 | _aComputer science, information & general works | ||
| 942 | _cBK | ||
| 999 |
_c6649 _d6649 |
||